Simón Bolívar International Airport Destinations (Caracas, Venezuela) - Statistics

General Stats
  • This quiz has been taken 69 times
    33 since last reset
  • The average score is 22 of 41
Answer Stats
Airline Destination % Correct
Avianca/Avior Airlines/LASER Airlines/LATAM Columbia/Turpial Airlines/Wingo Bogotá
100%
Air Europa/Iberia/LASER Airlines/Plus Ultra Líneas Aéreas Madrid
100%
Boliviana de Aviación/Conviasa/Cubana de Aviación Havana
95%
TAP Air Portugal Lisbon
95%
Avior Airlines/LASER Airlines/RUTACA Airlines/Venezolana Barcelona (VE)
91%
Turkish Airlines Istanbul
91%
Gol Linhas Aéreas São Paulo (Guarulhos)
91%
Conviasa Cancún
82%
Aerolíneas Estelar/Avior Airlines/Conviasa/LASER Airlines/RUTACA Airlines/Venezolana Maracaibo
82%
Avior Airlines/Wingo Medellín (JMC)
82%
Caribbean Airlines Port of Spain
82%
Boliviana de Aviación/Conviasa Santa Cruz de La Sierra (Viru Viru)
82%
Aerolíneas Estelar/Conviasa/LASER Airlines/RUTACA Airlines Santo Domingo del Táchira
82%
Conviasa Moscow (Vnukovo)
73%
Conviasa Mexico City (AIFA)
68%
Avior Airlines/Venezolana Barquisimeto
64%
Avior Airlines/LASER Airlines Curaçao
64%
TAP Air Portugal Funchal
64%
Conviasa Managua
55%
Aerolíneas Estelar/Avior Airlines/Conviasa/LASER Airlines/RUTACA Airlines/Venezolana Porlamar
55%
Conviasa Tehran (Imam Khomeini)
55%
RUTACA Airlines Ciudad Bolívar
45%
Aerolíneas Estelar/Conviasa/LASER Airlines Maturín
45%
Plus Ultra Líneas Aéreas Tenerife (North)
41%
Conviasa Barbados
36%
Conviasa Mérida (VE)
36%
Conviasa Cumaná
27%
Avior Airlines/Conviasa/LASER Airlines El Vigía
27%
Conviasa Guangzhou
27%
Conviasa/LASER Airlines La Fría
27%
Aerolíneas Estelar/Avior Airlines/Conviasa/LASER Airlines/RUTACA Airlines Puerto Ordaz
27%
Conviasa St. Vincent (Argyle)
27%
Aerolíneas Estelar/Conviasa Barinas
23%
AeroCaribe/Conviasa Los Roques
23%
Aerolíneas Estelar/Conviasa/RUTACA Airlines San Antonio del Táchira
18%
Conviasa Valera
18%
Albatros Airlines/Avior Airlines/Conviasa/Venezolana Las Piedras
14%
Conviasa Puerto Ayacucho
14%
Conviasa Canaima
9%
Conviasa San Fernando de Apure
9%
Avior Airlines Santa Barbara del Zulia
9%
No matching quizzes found
Score Distribution
Percent of People with Each Score
Percentile by Number Answered
Your Score History
You have not taken this quiz since the last reset